| 000 | 00449 a2200169 4500 | ||
|---|---|---|---|
| 005 | 20250627141432.0 | ||
| 020 | _a978-0-07-327320-4 | ||
| 082 | _a330 McC | ||
| 100 | _aMcConnell, R .C | ||
| 245 | _aStudy Guide for use with Macroeconomics | ||
| 250 | _a17th Ed. | ||
| 260 |
_aBoston _bMcGraw-Hill Irwin _c2008. |
||
| 300 |
_avii,258p.: ill.; figures _bIndex _c27cm |
||
| 700 | _aStanley L. Brue | ||
| 700 | _aWilliam B. Walstad | ||
| 942 |
_2ddc _cBKS |
||
| 999 |
_c5675 _d5675 |
||